Métro Parisien : toutes les gares - Statistiques

Statistiques générales
  • Ce quiz a été pris 249 fois
    166 depuis la dernière actualisation
  • Le résultat moyen est 134 sur 321
Statistiques - réponses
gares lignes % Correct
Gare de Lyon 1 14
78%
Gare du Nord 4 5
73%
Gare de l'Est 4 5 7
71%
Châtelet 1 4 7 11 14
69%
Bercy 6 14
67%
Gare d'Austerlitz 5 10
67%
Belleville 2 11
63%
Alésia 4
61%
Argentine 1
61%
Arts et Métiers 3 11
61%
Balard 8
61%
Bastille 1 5 8
61%
Invalides 8 13
61%
Montparnasse - Bienvenüe 4 6 12 13
61%
Nation 1 2 6 9
61%
Aéroport d'Orly 14
59%
Place d'Italie 5 6 7
59%
Porte de Clignancourt 4
59%
Abbesses 12
57%
Champs-Elysées - Clemenceau 1 13
57%
Château de Vincennes 1
57%
Concorde 1 8 12
57%
Saint-Lazare 3 12 13 14
57%
Stalingrad 2 5 7
57%
Anvers 2
55%
Barbès - Rochechouart 2 4
55%
Bir-Hakeim 6
55%
Bonne-Nouvelle 8 9
55%
Charles de Gaulle - Etoile 1 2 6
55%
Daumesnil 6 8
55%
Gambetta 3 3bis
55%
Hôtel de Ville 1 11
55%
Porte de Clichy 13 14
55%
Porte de Vincennes 1
55%
Alma - Marceau 9
53%
Bagneux - Lucie Aubrac 4
53%
Bobigny - Pablo Picasso 5
53%
Créteil - Université 8
53%
Jaurès 2 5 7bis
53%
Mairie de Montreuil 9
53%
Opéra 3 7 8
53%
Pont de Sèvres 9
53%
Porte Dauphine 2
53%
Porte de Versailles 12
53%
Porte Dorée 8
53%
Pyramides 7 14
53%
Avron 2
51%
Barbara 4
51%
Château d'Eau 4
51%
Château Rouge 4
51%
Cité 4
51%
Duroc 10 13
51%
Esplanade de la Défense 1
51%
Grands Boulevards 8 9
51%
La Défense 1
51%
Louvre - Rivoli 1
51%
Porte de Bagnolet 3
51%
Porte de Champerret 3
51%
Porte des Lilas 3bis 11
51%
Porte d'Italie 7
51%
Porte Maillot 1
51%
République 3 5 8 9 11
51%
Reuilly - Diderot 1 8
51%
Tuileries 1
51%
Chaussée d'Antin - La Fayette 7 9
49%
Denfert-Rochereau 4 6
49%
Iéna 9
49%
Jasmin 9
49%
Jussieu 7 10
49%
Kléber 6
49%
Les Halles 4
49%
Madeleine 8 12 14
49%
Palais-Royal - Musée du Louvre 1 7
49%
Pigalle 2 12
49%
Place de Clichy 2 13
49%
Porte de Saint-Ouen 13
49%
Porte d'Orléans 4
49%
Saint-Paul 1
49%
Strasbourg - Saint-Denis 4 8 9
49%
Trocadéro 6 9
49%
Aimé Césaire 12
47%
Alexandre Dumas 2
47%
Anatole France 3
47%
Bérault 1
47%
Bibliothèque François-Mitterrand 14
47%
Billancourt 9
47%
Blanche 2
47%
Commerce 8
47%
Cour Saint-Emilion 14
47%
Etienne Marcel 4
47%
Gallieni 3
47%
George V 1
47%
Glacière 6
47%
Havre - Caumartin 3 9
47%
La Motte-Picquet - Grenelle 6 8 10
47%
Michel-Ange - Auteuil 9 10
47%
Place des Fêtes 7bis 11
47%
Pointe du Lac 8
47%
Porte de la Chapelle 12
47%
Porte de Vanves 13
47%
Raspail 4 6
47%
Réaumur - Sébastopol 3 4
47%
Rome 2
47%
Assemblée Nationale 12
45%
Boucicaut 8
45%
Bourse 3
45%
Brochant 13
45%
Buttes Chaumont 7bis
45%
Charenton - Ecoles 8
45%
Créteil - L'Echat 8
45%
Franklin D. Roosevelt 1 9
45%
Les Sablons 1
45%
Mairie des Lilas 11
45%
Mairie d'Issy 12
45%
Mairie d'Ivry 7
45%
Michel-Ange - Molitor 9 10
45%
Oberkampf 5 9
45%
Olympiades 14
45%
Pasteur 6 12
45%
Père Lachaise 2 3
45%
Pont Cardinet 14
45%
Porte de Charenton 8
45%
Porte de Choisy 7
45%
Porte de la Villette 7
45%
Quai de la Rapée 5
45%
Saint-Sulpice 4
45%
Villiers 2 3
45%
Basilique de Saint-Denis 13
43%
Bobigny - Pantin - Raymond Queneau 5
43%
Boissière 6
43%
Carrefour Pleyel 13
43%
Châtillon - Montrouge 13
43%
Corentin Celton 12
43%
Créteil - Préfecture 8
43%
Dugommier 6
43%
Hoche 5
43%
La Courneuve - 8 Mai 1945 7
43%
Liège 13
43%
Mairie d'Aubervilliers 12
43%
Mairie de Saint-Ouen 13 14
43%
Pont de Neuilly 1
43%
Porte d'Auteuil 10
43%
Porte de Montreuil 9
43%
Porte de Saint-Cloud 9
43%
Saint-Mandé 1
43%
Saint-Michel 4
43%
Victor Hugo 2
43%
Wagram 3
43%
Aubervilliers - Pantin - Quatre Chemins 7
41%
Avenue Emile-Zola 10
41%
Bel-Air 6
41%
Boulogne - Jean Jaurès 10
41%
Campo-Formio 5
41%
Château-Landon 7
41%
Chevilly-Larue 14
41%
Corentin Cariou 7
41%
Europe 3
41%
Goncourt 11
41%
Guy Môquet 13
41%
Jacques Bonsergent 5
41%
Javel - André Citroën 10
41%
Jourdain 11
41%
La Chapelle 2
41%
Maison Blanche 7 14
41%
Monceau 2
41%
Odéon 4 10
41%
Passy 6
41%
Plaisance 13
41%
Poissonnière 7
41%
Pont de Levallois - Bécon 3
41%
Porte de Pantin 5
41%
Porte d'Ivry 7
41%
Pyrénées 11
41%
Quatre-Septembre 3
41%
Ranelagh 9
41%
Rosny-Bois-Perrier 11
41%
Saint-Denis - Université 13
41%
Saint-Placide 4
41%
Vavin 4
41%
Villejuif - Louis Aragon 7
41%
Boulogne - Pont de Saint-Cloud 10
39%
Cadet 7
39%
Charles Michels 10
39%
Chevaleret 6
39%
Croix de Chavaux 9
39%
Ecole Vétérinaire de Maisons-Alfort 8
39%
Félix Faure 8
39%
Gaîté 13
39%
Hôpital Bicêtre 14
39%
Mairie de Clichy 13
39%
Mairie de Montrouge 4
39%
Marcel Sembat 9
39%
Nationale 6
39%
Ourcq 5
39%
Picpus 6
39%
Pont-Neuf 7
39%
Quai de la Gare 6
39%
Rennes 12
39%
Saint-Ouen 14
39%
Botzaris 7bis
37%
Buzenval 9
37%
Crimée 7
37%
Dupleix 6
37%
Ecole Militaire 8
37%
Eglise de Pantin 5
37%
Filles du Calvaire 8
37%
Fort d'Aubervilliers 7
37%
Garibaldi 13
37%
La Muette 9
37%
Les Agnettes 13
37%
Les Courtilles 13
37%
L'Haÿ-les-Roses 14
37%
Louis Blanc 7 7bis
37%
Miromesnil 9 13
37%
Notre-Dame-des-Champs 12
37%
Pernety 13
37%
Pont Marie 7
37%
Saint-Augustin 9
37%
Saint-Philippe du Roule 9
37%
Sèvres - Babylone 10 12
37%
Télégraphe 11
37%
Vaugirard 12
37%
Volontaires 12
37%
Cardinal Lemoine 10
35%
Cluny - La Sorbonne 10
35%
Corvisart 6
35%
Courcelles 2
35%
Edgar Quinet 6
35%
Exelmans 9
35%
Front Populaire 12
35%
Gabriel Péri 13
35%
La Fourche 13
35%
Louise Michel 3
35%
Lourmel 8
35%
Marcadet - Poissonniers 4 12
35%
Pelleport 3bis
35%
Rambuteau 11
35%
Robespierre 9
35%
Rue du Bac 12
35%
Saint-Denis Pleyel 14
35%
Saint-Denis - Porte de Paris 13
35%
Saint-Marcel 5
35%
Sentier 3
35%
Simplon 4
35%
Solférino 12
35%
Ternes 2
35%
Villejuif - Gustave Roussy 14
35%
Villejuif - Léo Lagrange 7
35%
Bolivar 7bis
33%
Bréguet - Sabin 5
33%
Cambronne 6
33%
Censier - Daubenton 7
33%
Chardon-Lagache 10
33%
Charonne 9
33%
Colonel Fabien 2
33%
Convention 12
33%
Laumière 5
33%
Le Kremlin-Bicêtre 7
33%
Notre-Dame-de-Lorette 12
33%
Parmentier 3
33%
Pierre et Marie Curie 7
33%
Place Monge 7
33%
Pré-Saint-Gervais 7bis
33%
Richelieu - Drouot 8 9
33%
Rue de la Pompe 9
33%
Rue des Boulets 9
33%
Saint-François-Xavier 13
33%
Saint-Germain-des-Prés 4
33%
Temple 3
33%
Thiais - Orly 14
33%
Coteaux Beauclair 11
31%
Couronnes 2
31%
Eglise d'Auteuil 10
31%
Faidherbe - Chaligny 8
31%
Jules Joffrin 12
31%
La Tour-Maubourg 8
31%
Le Peletier 7
31%
Liberté 8
31%
Malakoff - Plateau de Vanves 13
31%
Marx Dormoy 12
31%
Maubert - Mutualité 10
31%
Richard-Lenoir 5
31%
Serge Gainsbourg 11
31%
Sèvres - Lecourbe 6
31%
Trinité - D'Estienne d'Orves 12
31%
Varenne 13
31%
Villejuif - Paul Vaillant-Couturier 7
31%
Voltaire 9
31%
Falguière 12
29%
Lamarck - Caulaincourt 12
29%
Maisons-Alfort - Les Juilliottes 8
29%
Malesherbes 3
29%
Michel Bizot 8
29%
Pereire 3
29%
Philippe Auguste 2
29%
Romainville - Carnot 11
29%
Rue Saint-Maur 3
29%
Saint-Ambroise 9
29%
Saint-Jacques 6
29%
Ségur 10
29%
Tolbiac 7
29%
Vaneau 10
29%
Chemin Vert 8
27%
Mabillon 10
27%
Maisons-Alfort - Stade 8
27%
Malakoff - Rue Etienne-Dolet 13
27%
Maraîchers 9
27%
Ménilmontant 2
27%
Mirabeau 10
27%
Montgallet 8
27%
Mouton-Duvernet 4
27%
Saint-Fargeau 3bis
27%
Saint-Georges 12
27%
Danube 7bis
24%
Les Gobelins 7
24%
Montreuil - Hôpital 11
24%
La Dhuys 11
22%
Ledru-Rollin 8
22%
Riquet 7
22%
Sully - Morland 7
20%
Saint-Sébastien - Froissart 8
14%
Aucun quiz correspondant
Distribution des résultats
% des personnes avec chaque résultat
Percentile par nombre de réponses
Votre historique - résultats
Vous n’avez pas pris ce quiz depuis la dernière actualisation